Science Quiz

Random Science or Elements Quiz

Which Element Is It? Quiz Stats

Quiz Updated Apr 8, 2017

Challenge
Share
Tweet
Score 0/20 Timer 03:00
3 Plays Today
% Correct
Correct! 'Ir' is Iridium.
93.4%
Correct! 'Be' is Beryllium.
90.6%
Correct! 'Ti' is Titanium.
90.4%
Correct! 'Co' is Cobalt.
90.2%
Correct! 'Ne' is Neon.
88.1%
Correct! 'Ca' is Calcium.
86.8%
Correct! 'Zn' is Zinc.
86.8%
Correct! 'Se' is Selenium.
86.1%
Correct! 'Ga' is Gallium.
85.5%
Correct! 'Ag' is Silver.
85.2%
% Correct
Correct! 'Fr' is Francium.
82.1%
Correct! 'Ru' is Ruthenium
80.8%
Correct! 'Mg' is Magnesium.
75.3%
Correct! 'La' is Lanthanum.
73.6%
Correct! 'Ar' is Argon.
70.9%
Correct! 'Pr' is Praseodymium.
68.1%
Correct! 'Th' is Thorium.
55.1%
Correct! 'Ra' is Radium.
50.2%
Correct! 'Ds' is Darmstadtium
50.2%
Correct! 'Nb' is Niobium.
49.7%

You're not logged in!

Compare scores with friends on all Sporcle quizzes.
Sign Up with Email
OR
Log In

You Might Also Like...

Show Comments

Extras

Top Quizzes Today


Score Distribution

Your Account Isn't Verified!

In order to create a playlist on Sporcle, you need to verify the email address you used during registration. Go to your Sporcle Settings to finish the process.

Report this User

Report this user for behavior that violates our Community Guidelines.

Details: